Movies Quiz

Random Movies or Letter Quiz
Score 0/26 Timer 05:00
0 Plays Today
Letter (Length) Movie Title % Correct
G (10)Goodfellas
77.1%
B (11)Bridesmaids
75.6%
J (4)Jaws
74.1%
C (4)Cars
65%
B (7)Beaches
61.7%
H (8)Heathers
57.9%
M (8)Mermaids
45.5%
A (10)Awakenings
43.6%
C (9)Coneheads
40.2%
G (8)Gremlins
35.3%
K (4)Kids
35%
L (8)Ladybugs
33.5%
A (8)Airheads
32.7%
Letter (Length) Movie Title % Correct
H (7)Hackers
27.1%
M (8)Mallrats
27.1%
D (5)Duets
22.6%
F (6)Freaks
14.3%
I (9)Immortals
14.3%
L (12)Leatherheads
14.3%
K (5)Kuffs
13.9%
E (9)Explorers
12.8%
D (11)Daybreakers
9.8%
E (11)Extremities
9.8%
F (7)Flyboys
7.5%
I (9)Intruders
3.4%
J (10)Jitterbugs
3.4%
Remove Ads.
Support Sporcle.
Get the best of Sporcle when you Go Orange. This ad-free experience offers more features, more stats, and more fun while also helping to support Sporcle. Thank you for becoming a member.

You're not logged in!

Compare scores with friends on all Sporcle quizzes.
OR
Log In

Show Comments

Extras

Top Quizzes Today


Score Distribution

Your Account Isn't Verified!

In order to create a playlist on Sporcle, you need to verify the email address you used during registration. Go to your Sporcle Settings to finish the process.

Report this User

Report this user for behavior that violates our Community Guidelines.

Details: